[Event "4NCL/Div1/WGR2 vs. NWE1"]
[Site "West Bromwich ENG"]
[Date "2005.04.10"]
[Round "8.2"]
[White "Quillan, Gary"]
[Black "Pein, Malcolm"]
[Result "1-0"]
[WhiteElo "2354"]
[BlackElo "2419"]
[PlyCount "69"]
[EventDate "2005.04.10"]
[SourceDate "2004.09.21"]

1. e4 e5 2. Nf3 Nc6 3. Bb5 a6 4. Ba4 Nf6 5. O-O Be7 6. Re1 b5 7. Bb3 O-O 8. d4
d6 9. c3 Bg4 10. d5 Na5 11. Bc2 c6 12. h3 Bc8 13. dxc6 Qc7 14. a4 Qxc6 15. Nbd2
Nc4 16. Nf1 Bb7 17. Bd3 Nb6 18. axb5 axb5 19. Rxa8 Nxa8 20. Ng3 g6 21. Bh6 Rd8
22. Qb3 Nc7 23. c4 Ne6 24. cxb5 Qe8 25. Be3 Rb8 26. Bc4 Bf8 27. Ng5 Bc8 28. Ra1
h6 29. Nxe6 Bxe6 30. b6 Nd7 31. Ra6 Rc8 32. Bd5 Bxd5 33. Qxd5 Qe6 34. b7 Rc2
35. Qb5 1-0

[Event "4NCL/Div1/WGR2 vs. NWE1"]
[Site "West Bromwich ENG"]
[Date "2005.04.10"]
[Round "8.3"]
[White "Levitt, Jonathan P"]
[Black "Jackova, Jana"]
[Result "1/2-1/2"]
[WhiteElo "2441"]
[BlackElo "2406"]
[PlyCount "60"]
[EventDate "2005.04.10"]
[SourceDate "2004.09.21"]

1. d4 d5 2. c4 dxc4 3. e3 e6 4. Bxc4 a6 5. Nf3 Nf6 6. O-O c5 7. dxc5 Qxd1 8.
Rxd1 Bxc5 9. b3 Nbd7 10. Bb2 b5 11. Be2 Bb7 12. a4 bxa4 13. Rxa4 Ke7 14. Nbd2
Nb6 15. Ra5 Bb4 16. Ba3 Bxa3 17. Rxa3 Nfd5 18. Nc4 Nxc4 19. Bxc4 Rhc8 20. Rda1
f6 21. h3 e5 22. Nd2 Nc7 23. Kf1 Rd8 24. Ke2 Nb5 25. Bxb5 axb5 26. Rxa8 Rxa8
27. Rxa8 Bxa8 28. g3 b4 29. e4 Bc6 30. Ke3 Bd7 1/2-1/2

[Event "4NCL/Div1/WGR2 vs. NWE1"]
[Site "West Bromwich ENG"]
[Date "2005.04.10"]
[Round "8.4"]
[White "Trent, Lawrence"]
[Black "Woodward, Timothy"]
[Result "1-0"]
[WhiteElo "2387"]
[BlackElo "2333"]
[PlyCount "63"]
[EventDate "2005.04.10"]
[SourceDate "2004.09.21"]

1. e4 c5 2. b3 Nc6 3. Bb2 d6 4. Bb5 Bd7 5. Ne2 a6 6. Bxc6 Bxc6 7. Nbc3 Nf6 8.
d4 cxd4 9. Nxd4 g6 10. Nxc6 bxc6 11. Qf3 Qc7 12. O-O-O Bg7 13. Kb1 O-O 14. g4
Rfd8 15. h4 Rac8 16. h5 d5 17. hxg6 hxg6 18. Qh3 d4 19. Ne2 c5 20. f3 a5 21.
Ng3 Kf8 22. g5 Ng8 23. Rhg1 c4 24. f4 cxb3 25. cxb3 Qc2+ 26. Ka1 d3 27. e5 d2
28. Ne2 a4 29. bxa4 Rd3 30. Qh1 Rb8 31. Rb1 Rxb2 32. Qa8+ 1-0

[Event "4NCL/Div1/WGR2 vs. NWE1"]
[Site "West Bromwich ENG"]
[Date "2005.04.10"]
[Round "8.5"]
[White "Sowray, Peter J"]
[Black "Morrison, Graham"]
[Result "1/2-1/2"]
[WhiteElo "2342"]
[BlackElo "2305"]
[PlyCount "80"]
[EventDate "2005.04.10"]
[SourceDate "2004.09.21"]

1. Nf3 Nf6 2. c4 c5 3. g3 b6 4. Bg2 Bb7 5. O-O g6 6. Nc3 Bg7 7. d4 cxd4 8. Qxd4
d6 9. Rd1 Nbd7 10. Be3 Rc8 11. Rac1 a6 12. b3 O-O 13. Qh4 Re8 14. Bh6 Rc5 15.
Bxg7 Kxg7 16. Qd4 Qa8 17. Na4 Ra5 18. Qc3 Qd8 19. Nd4 Bxg2 20. Kxg2 Qc7 21. f3
Rc8 22. Qd2 Qb7 23. e4 Re5 24. Nc3 b5 25. Nd5 bxc4 26. bxc4 e6 27. Nxf6 Nxf6
28. Nb3 Ne8 29. Qd4 f6 30. c5 d5 31. Qa4 Qb5 32. Qxb5 axb5 33. exd5 Rxd5 34.
Rxd5 exd5 35. Nd4 Nc7 36. f4 Ra8 37. Rc2 Ra4 38. Rd2 Rc4 39. c6 Kf7 40. Kf3 Ke7
1/2-1/2

[Event "4NCL/Div1/WGR2 vs. NWE1"]
[Site "West Bromwich ENG"]
[Date "2005.04.10"]
[Round "8.6"]
[White "Kennaugh, Charles W"]
[Black "Pert, Richard G"]
[Result "0-1"]
[WhiteElo "2281"]
[BlackElo "2407"]
[PlyCount "100"]
[EventDate "2005.04.10"]
[SourceDate "2004.09.21"]

1. e4 c5 2. Nf3 d6 3. d4 cxd4 4. Nxd4 Nf6 5. Nc3 g6 6. Be3 Bg7 7. f3 Nc6 8. Qd2
O-O 9. O-O-O d5 10. Qe1 e5 11. Nxc6 bxc6 12. exd5 Nxd5 13. Bc4 Be6 14. Ne4 Qc7
15. Bc5 Rfd8 16. Qh4 h6 17. g4 Rd7 18. g5 Qd8 19. Bf2 h5 20. Nc5 Re7 21. Rhg1
Bf5 22. Bd3 Bxd3 23. Rxd3 Qa5 24. Qe4 Rb8 25. Ra3 Qd8 26. Rd1 Qc8 27. h4 Kh7
28. Rg1 Qe8 29. Ra6 f5 30. gxf6 Bh6+ 31. Rg5 Nxf6 32. Qxc6 Qxc6 33. Rxc6 Bxg5+
34. hxg5 Nd5 35. Rd6 Nf4 36. c4 Kg7 37. Kc2 Rh8 38. Nd3 Nxd3 39. Kxd3 h4 40.
Ke4 h3 41. Rd1 Rh5 42. c5 Kf7 43. b4 h2 44. Rh1 Ke6 45. b5 Reh7 46. Be3 Rh4+
47. Kd3 Ra4 48. c6 Ra3+ 49. Ke2 Rxa2+ 50. Kd3 Ra3+ 0-1

[Event "4NCL/Div1/WGR2 vs. NWE1"]
[Site "West Bromwich ENG"]
[Date "2005.04.10"]
[Round "8.7"]
[White "Tiller, Bjorn"]
[Black "Charleshouse, Glenn L"]
[Result "1/2-1/2"]
[WhiteElo "2382"]
[BlackElo "2212"]
[PlyCount "77"]
[EventDate "2005.04.10"]
[SourceDate "2004.09.21"]

1. e4 e6 2. d3 d5 3. Nd2 c5 4. f4 Nc6 5. Ngf3 Nf6 6. g3 Be7 7. Bg2 O-O 8. O-O
a5 9. e5 Nd7 10. Re1 Qc7 11. h4 b5 12. Nf1 b4 13. g4 a4 14. g5 a3 15. b3 Nd4
16. Nxd4 cxd4 17. Bd2 Ra6 18. Ng3 Kh8 19. h5 f5 20. exf6 gxf6 21. g6 Nb8 22.
Qg4 Bd6 23. Ne2 f5 24. Qg5 Nc6 25. Kf2 Qg7 26. Bf3 h6 27. Qg2 Be7 28. Kg1 Rd8
29. Rf1 Bf6 30. Kh1 Rb6 31. Be1 Qe7 32. Bf2 Qg7 33. Rg1 Rb5 34. Qh2 Rc5 35.
Rac1 Rd7 36. Rge1 Rc7 37. Qg1 Kg8 38. Kh2 Kh8 39. Kh1 1/2-1/2

[Event "4NCL/Div1/WGR2 vs. NWE1"]
[Site "West Bromwich ENG"]
[Date "2005.04.10"]
[Round "8.8"]
[White "Hulmes, David I"]
[Black "Gilbert, Jessie"]
[Result "1/2-1/2"]
[WhiteElo "2206"]
[BlackElo "2148"]
[PlyCount "135"]
[EventDate "2005.04.10"]
[SourceDate "2004.09.21"]

1. e4 c6 2. d4 d5 3. e5 c5 4. dxc5 e6 5. Be3 Qc7 6. Nf3 Nd7 7. Bb5 Bxc5 8. Bxc5
Qxc5 9. Bxd7+ Bxd7 10. O-O Ne7 11. Nbd2 Rc8 12. c3 O-O 13. Nb3 Qb6 14. Qd4 Qxd4
15. Nfxd4 Nc6 16. f4 Nxd4 17. Nxd4 f5 18. h3 h5 19. Rad1 g6 20. Nf3 b5 21. Rd4
a5 22. a3 Rc4 23. Rfd1 Rfc8 {(=)} 24. Rxc4 bxc4 25. Kf2 Kf7 26. Rd2 Rh8 27. Ke3
Ke7 28. Kd4 Rg8 29. Ng5 Rh8 30. Rf2 Ba4 31. Rd2 Bd7 32. Ke3 Bc6 33. Nf3 Bd7 34.
Kf2 Rf8 35. Kg3 Rg8 36. Kh4 Rh8 37. g3 Ba4 38. Kg5 Kf7 39. Nh4 Bc6 40. g4 hxg4
41. hxg4 fxg4 42. Kxg4 Ba4 43. Kg3 Rh5 44. Nf3 Ke7 45. Rh2 Bd1 46. Nd4 Kd7 47.
Rxh5 gxh5 48. Kh4 Bg4 49. Kg5 Kc7 50. Nb5+ Kc6 51. Nd4+ Kc7 52. Nc2 Kc6 53. Ne3
Bf3 54. f5 exf5 55. Nxf5 Bg4 56. Ne3 Kd7 57. Nxd5 Ke6 58. Ne3 Be2 59. Kf4 Bd3
60. Ng2 Bc2 61. Nh4 Kd5 62. Nf3 Bd1 63. Nd4 Bg4 64. Nc2 Ke6 65. Ne3 Be2 66. Nf5
Bg4 67. Nd4+ Kd5 68. Nc2 1/2-1/2

[Event "4NCL/Div1/NWE1 vs. 3CS1"]
[Site "West Bromwich ENG"]
[Date "2005.04.30"]
[Round "9.1"]
[White "Jackova, Jana"]
[Black "Davies, Nigel R"]
[Result "0-1"]
[WhiteElo "2406"]
[BlackElo "2523"]
[PlyCount "60"]
[EventDate "2005.04.30"]
[SourceDate "2004.09.21"]

1. e4 g6 2. d4 d6 3. Nf3 Bg7 4. Bc4 Nf6 5. Qe2 O-O 6. e5 Ne8 7. h3 c5 8. dxc5
dxe5 9. O-O Nc6 10. c3 Bf5 11. Na3 Nc7 12. Rd1 Qc8 13. Bg5 Be6 14. Qe3 f5 15.
b4 Bxc4 16. Nxc4 Qe6 17. Na3 a6 18. Qe2 e4 19. Nd4 Nxd4 20. cxd4 Nd5 21. Qc4
Rad8 22. b5 f4 23. bxa6 bxa6 24. c6 Rf5 25. Rab1 Rxg5 26. c7 Rc8 27. Rb8 Bf8
28. Qb3 Rxc7 29. Nc4 Rxc4 30. Qxc4 Rxg2+ 0-1

[Event "4NCL/Div1/NWE1 vs. 3CS1"]
[Site "West Bromwich ENG"]
[Date "2005.04.30"]
[Round "9.2"]
[White "Jonkman, Harmen"]
[Black "Quillan, Gary"]
[Result "1/2-1/2"]
[WhiteElo "2428"]
[BlackElo "2354"]
[PlyCount "80"]
[EventDate "2005.04.30"]
[SourceDate "2004.09.21"]

1. e4 e6 2. d4 d5 3. e5 c5 4. c3 Nc6 5. Nf3 Bd7 6. Be2 Nge7 7. Na3 cxd4 8. cxd4
Nf5 9. Nc2 Qb6 10. O-O a5 11. a4 Be7 12. Bb5 O-O 13. g4 Nh6 14. h3 Rac8 15.
Nce1 Rc7 16. Ng2 Rfc8 17. Bxh6 gxh6 18. Qd2 Bf8 19. Nf4 Ne7 20. Nh5 Bxb5 21.
axb5 Qxb5 22. Rxa5 Qb6 23. Rfa1 Ng6 24. Ra8 Rc2 25. Nf6+ Kg7 26. Nh5+ Kg8 27.
Nf6+ Kg7 28. Rxc8 Rxd2 29. Nh5+ Kg8 30. Nf6+ Kg7 31. Nh5+ Kg8 32. Nxd2 Qxb2 33.
Nf6+ Kg7 34. Nh5+ Kg8 35. Raa8 Qxd2 36. Nf6+ Kg7 37. Nh5+ Kg8 38. Nf6+ Kg7 39.
Nh5+ Kg8 40. Nf6+ Kg7 1/2-1/2

[Event "4NCL/Div1/NWE1 vs. 3CS1"]
[Site "West Bromwich ENG"]
[Date "2005.04.30"]
[Round "9.3"]
[White "Hanley, Craig A"]
[Black "Gordon, Stephen J"]
[Result "0-1"]
[WhiteElo "2397"]
[BlackElo "2364"]
[PlyCount "70"]
[EventDate "2005.04.30"]
[SourceDate "2004.09.21"]

1. e4 c5 2. Nf3 e6 3. Nc3 Nc6 4. Bb5 Nge7 5. O-O a6 6. Bxc6 Nxc6 7. Re1 d6 8.
d4 cxd4 9. Nxd4 Bd7 10. Nf3 Qc7 11. Bg5 h6 12. Bh4 Ne5 13. Nxe5 dxe5 14. Qh5 g6
15. Qf3 g5 16. Bg3 Be7 17. Rad1 f6 18. Qh5+ Kf8 19. Rd3 Kg7 20. Red1 Rhd8 21.
R1d2 Be8 22. Qd1 Rxd3 23. Rxd3 Rc8 24. h4 b5 25. Rd2 b4 26. Ne2 Qc4 27. Nc1
Qxe4 28. hxg5 hxg5 29. Nd3 Rd8 30. f3 Qd5 31. b3 a5 32. Bf2 Bg6 33. Bb6 Rd7 34.
Be3 Qc6 35. Ne1 Rd5 0-1

[Event "4NCL/Div1/NWE1 vs. 3CS1"]
[Site "West Bromwich ENG"]
[Date "2005.04.30"]
[Round "9.4"]
[White "Hamelink, Desiree"]
[Black "Trent, Lawrence"]
[Result "0-1"]
[WhiteElo "2249"]
[BlackElo "2387"]
[PlyCount "82"]
[EventDate "2005.04.30"]
[SourceDate "2004.09.21"]

1. e4 e5 2. d4 exd4 3. Nf3 Nc6 4. Nxd4 Qh4 5. Nc3 Bb4 6. Ndb5 Ba5 7. Bd3 a6 8.
Na3 b5 9. Nab1 Nf6 10. Nd2 d6 11. Nf3 Qh5 12. Bd2 Bg4 13. Nb1 Bb6 14. Bc3 Ne5
15. Nbd2 O-O 16. Be2 Nxf3+ 17. Bxf3 Bxf3 18. Qxf3 Qxf3 19. gxf3 Nh5 20. Rg1 g6
21. Kf1 f5 22. e5 dxe5 23. Bxe5 Rad8 24. Nb3 Rfe8 25. f4 c5 26. c3 Kf7 27. a4
b4 28. a5 Ba7 29. h4 Rd3 30. Kg2 c4 31. Nd4 bxc3 32. bxc3 Bb8 33. Bxb8 Rxb8 34.
Ne2 Rb2 35. Rge1 Rxe2 36. Rxe2 Nxf4+ 37. Kf1 Nxe2 38. Kxe2 Rxc3 39. Ra4 Ke6 40.
Rb4 Kd5 41. h5 Rb3 0-1

[Event "4NCL/Div1/NWE1 vs. 3CS1"]
[Site "West Bromwich ENG"]
[Date "2005.04.30"]
[Round "9.5"]
[White "Morrison, Graham"]
[Black "Bentley, John L"]
[Result "1-0"]
[WhiteElo "2305"]
[BlackElo "2216"]
[PlyCount "79"]
[EventDate "2005.04.30"]
[SourceDate "2004.09.21"]

1. Nf3 Nf6 2. c4 g6 3. Nc3 Bg7 4. e4 d6 5. d4 O-O 6. Be2 c5 7. O-O cxd4 8. Nxd4
Nc6 9. Be3 Bd7 10. Qd2 Nxd4 11. Bxd4 Bc6 12. f3 a5 13. Kh1 Nd7 14. Bxg7 Kxg7
15. f4 Qb6 16. Rab1 a4 17. Nd5 Qa5 18. Qe3 Qc5 19. Qc3+ f6 20. Nc7 Qa5 21. Qxa5
Rxa5 22. Ne6+ Kf7 23. Nxf8 Kxf8 24. Bf3 e5 25. Bg4 Ke7 26. Bxd7 Bxd7 27. f5 Bc6
28. Rfe1 gxf5 29. exf5 e4 30. g4 b5 31. Rbc1 b4 32. Kg1 Ra8 33. Kf2 Kd7 34.
Rcd1 Kc7 35. Rd4 Re8 36. Ke3 Re7 37. Red1 Rd7 38. Kf4 Re7 39. Rxd6 e3 40. Re6
1-0

[Event "4NCL/Div1/NWE1 vs. 3CS1"]
[Site "West Bromwich ENG"]
[Date "2005.04.30"]
[Round "9.6"]
[White "James, Dale R"]
[Black "Littlewood, John E"]
[Result "1-0"]
[WhiteElo "2199"]
[BlackElo "2308"]
[PlyCount "55"]
[EventDate "2005.04.30"]
[SourceDate "2004.09.21"]

1. e4 e5 2. Nc3 Bc5 3. Nf3 d6 4. d4 exd4 5. Nxd4 a6 6. Be2 Nf6 7. Bg5 h6 8. Bh4
Nc6 9. Nxc6 bxc6 10. O-O g5 11. Bg3 h5 12. h3 h4 13. Bh2 g4 14. hxg4 h3 15. Bg3
Nxg4 16. Bxg4 Qg5 17. gxh3 Rxh3 18. Bxh3 Bxh3 19. Qf3 O-O-O 20. Qf4 Qg7 21.
Rfd1 Rh8 22. Na4 Bd4 23. Rxd4 Qxd4 24. Nc3 Qg7 25. Re1 Rh6 26. e5 d5 27. Na4
Qh7 28. e6 1-0

[Event "4NCL/Div1/NWE1 vs. 3CS1"]
[Site "West Bromwich ENG"]
[Date "2005.04.30"]
[Round "9.7"]
[White "Hughes, Howard R"]
[Black "Walton, Alan J"]
[Result "1/2-1/2"]
[WhiteElo "2216"]
[BlackElo "2178"]
[PlyCount "80"]
[EventDate "2005.04.30"]
[SourceDate "2004.09.21"]

1. e4 e6 2. d4 d5 3. e5 c5 4. Nf3 Nc6 5. Bd3 Qb6 6. O-O cxd4 7. Nbd2 f5 8. Nb3
Bd7 9. a4 a6 10. Re1 Nge7 11. h4 Qc7 12. Nbxd4 Nxd4 13. Nxd4 Nc6 14. Nxc6 Bxc6
15. c3 Be7 16. Bg5 Bxg5 17. Qh5+ Qf7 18. Qxg5 h6 19. Qg3 g5 20. b4 Qe7 21. b5
Bd7 22. c4 dxc4 23. Bxc4 axb5 24. axb5 Rxa1 25. Rxa1 O-O 26. hxg5 hxg5 27. Rd1
Rc8 28. Qb3 Kg7 29. Rd6 Rc5 30. Qd3 Bc8 31. Qd4 b6 32. g3 Qb7 33. Kh2 Qf3 34.
Rxb6 Rxc4 35. Qxc4 Qxf2+ 36. Kh1 Qxb6 37. Qxc8 Qxb5 38. Qxe6 Qf1+ 39. Kh2 Qf2+
40. Kh1 Qf1+ 1/2-1/2

[Event "4NCL/Div1/NWE1 vs. 3CS1"]
[Site "West Bromwich ENG"]
[Date "2005.04.30"]
[Round "9.8"]
[White "Plant, Paul"]
[Black "Spence, David"]
[Result "0-1"]
[WhiteElo "2123"]
[BlackElo "2240"]
[PlyCount "96"]
[EventDate "2005.04.30"]
[SourceDate "2004.09.21"]

1. d4 e6 2. Nf3 Nf6 3. c4 b6 4. g3 Ba6 5. b3 Bb4+ 6. Bd2 Be7 7. Bg2 c6 8. O-O
d5 9. Qc2 O-O 10. Bc1 Nbd7 11. Nbd2 c5 12. Bb2 Rc8 13. Rac1 cxd4 14. Bxd4 dxc4
15. bxc4 Qc7 16. Qb1 Ba3 17. Bb2 Bxb2 18. Qxb2 Rfd8 19. h3 Bb7 20. Qa3 Ne5 21.
Qe3 Nxf3+ 22. Bxf3 Bxf3 23. Nxf3 Qc5 24. Qf4 h6 25. e4 Rd3 26. Kg2 Qc7 27. e5
Nd7 28. Kg1 Rd8 29. Qe4 Nc5 30. Qf4 Qc6 31. Ne1 Rd2 32. a3 Re2 33. Rc3 Re4 34.
Qf3 Qa4 35. Nd3 Rdd4 36. Nxc5 bxc5 37. Rfc1 Rxe5 38. Qa8+ Kh7 39. Qf8 Rd1+ 40.
Rxd1 Qxd1+ 41. Kg2 Re1 42. Qxf7 Rg1+ 43. Kh2 Rh1+ 44. Kg2 Qf1+ 45. Kf3 Rh2 46.
Kg4 Qxh3+ 47. Kf3 Qf1 48. Kg4 Qd1+ 0-1

[Event "4NCL/Div1/BET vs. WGR2"]
[Site "West Bromwich ENG"]
[Date "2005.04.30"]
[Round "9.1"]
[White "Ledger, Andrew J"]
[Black "Emms, John M"]
[Result "1/2-1/2"]
[WhiteElo "2450"]
[BlackElo "2505"]
[PlyCount "88"]
[EventDate "2005.04.30"]
[SourceDate "2004.09.21"]

1. e4 c5 2. Nc3 Nc6 3. Bb5 Nd4 4. Bc4 a6 5. Nge2 b5 6. Bd3 Nc6 7. Ng3 g6 8. O-O
Bg7 9. f4 Bb7 10. a4 b4 11. Nd5 d6 12. Rb1 Nf6 13. Nxf6+ Bxf6 14. b3 O-O 15.
Bb2 Bxb2 16. Rxb2 d5 17. exd5 Qxd5 18. Rf2 e6 19. Rb1 Nd4 20. Be4 Qd7 21. Bxb7
Qxb7 22. c3 Nf5 23. Nxf5 exf5 24. Qf3 Qd7 25. Re2 Rae8 26. Rbe1 Rxe2 27. Rxe2
Rd8 28. cxb4 Qd4+ 29. Qe3 Qxb4 30. g3 h5 31. Qc3 h4 32. Qxb4 cxb4 33. gxh4 Kg7
34. h5 Kh6 35. hxg6 fxg6 36. Re6 Rxd2 37. Rxa6 Rb2 38. Rb6 Rxb3 39. Kg2 Kh5 40.
a5 Kg4 41. Rxg6+ Kxf4 42. h4 Rb2+ 43. Kh3 Rb3+ 44. Kg2 Rb2+ 1/2-1/2

[Event "4NCL/Div1/BET vs. WGR2"]
[Site "West Bromwich ENG"]
[Date "2005.04.30"]
[Round "9.2"]
[White "Ward, Christopher"]
[Black "Williams, Simon K"]
[Result "1/2-1/2"]
[WhiteElo "2485"]
[BlackElo "2466"]
[PlyCount "76"]
[EventDate "2005.04.30"]
[SourceDate "2004.09.21"]

1. d4 e6 2. g3 f5 3. Bg2 Nf6 4. Nd2 Nc6 5. c3 d6 6. e4 e5 7. Ne2 fxe4 8. Nxe4
d5 9. Nxf6+ Qxf6 10. Bxd5 Bh3 11. Nf4 O-O-O 12. Nxh3 Rxd5 13. Qg4+ Rd7 14. d5
Ne7 15. O-O h5 16. Qe4 Nxd5 17. Bg5 Qe6 18. Nf4 Qg4 19. Qxe5 Bd6 20. Qxd5 Bxf4
21. Qxd7+ Kxd7 22. Bxf4 Re8 23. Rad1+ Kc8 24. h4 Qf3 25. Rfe1 Rxe1+ 26. Rxe1
Kd7 27. Bg5 Kd6 28. Bf4+ Kd7 29. Bg5 g6 30. Re7+ Kd6 31. Rg7 Qd1+ 32. Kh2 Qc2
33. Be3 a5 34. a4 b6 35. b4 Ke6 36. bxa5 bxa5 37. Rxc7 Qxa4 38. c4 Qc2 1/2-1/2

[Event "4NCL/Div1/BET vs. WGR2"]
[Site "West Bromwich ENG"]
[Date "2005.04.30"]
[Round "9.3"]
[White "Ansell, Simon"]
[Black "Martin, Andrew D"]
[Result "1-0"]
[WhiteElo "2408"]
[BlackElo "2433"]
[PlyCount "49"]
[EventDate "2005.04.30"]
[SourceDate "2004.09.21"]

1. e4 d5 2. exd5 Qxd5 3. Nc3 Qd6 4. d4 Nf6 5. Nf3 a6 6. Bd3 Bg4 7. h3 Bxf3 8.
Qxf3 Nc6 9. Be3 O-O-O 10. O-O-O Nb4 11. a3 Nxd3+ {(=)} 12. Rxd3 e6 13. Re1 Qd7
14. Bg5 Be7 15. d5 Ne8 16. Bxe7 Qxe7 17. Qe3 Nd6 18. dxe6 Rhe8 19. Qa7 Qg5+ 20.
Kb1 Rxe6 21. Rxe6 fxe6 22. Ne4 Qe5 23. Nc5 c6 24. Rb3 Qd5 25. Rxb7 1-0

[Event "4NCL/Div1/BET vs. WGR2"]
[Site "West Bromwich ENG"]
[Date "2005.04.30"]
[Round "9.4"]
[White "Pert, Richard G"]
[Black "Hunt, Adam C"]
[Result "1/2-1/2"]
[WhiteElo "2407"]
[BlackElo "2436"]
[PlyCount "88"]
[EventDate "2005.04.30"]
[SourceDate "2004.09.21"]

1. d4 Nf6 2. Bg5 Ne4 3. Bf4 c5 4. d5 Qb6 5. Nd2 Nxd2 6. Bxd2 d6 7. e4 e5 8.
dxe6 Bxe6 9. Bc3 Nc6 10. Ne2 O-O-O 11. Nf4 Ne5 12. Be2 g5 13. Nxe6 fxe6 14. Bg4
Re8 15. Bxe5 dxe5 16. O-O Be7 17. Qf3 Qc6 18. Rae1 Ref8 19. Qc3 h5 20. Be2 g4
21. a4 Bd6 22. Bb5 Qb6 23. Qb3 Bc7 24. Rd1 Rd8 25. Bc4 Qxb3 26. Bxb3 Rhe8 27.
Bc4 Rd4 28. Rxd4 exd4 29. f3 g3 30. hxg3 Bxg3 31. f4 Kd8 32. f5 exf5 33. exf5
Re1 34. Rxe1 Bxe1 35. f6 a6 36. Be2 h4 37. Kf1 Bg3 38. Bf3 b5 39. a5 Bc7 40.
Bb7 Bxa5 41. Bxa6 Ke8 42. Bxb5+ Kf7 43. Ke2 Kxf6 {(=)} 44. Kd3 Ke5 1/2-1/2

[Event "4NCL/Div1/BET vs. WGR2"]
[Site "West Bromwich ENG"]
[Date "2005.04.30"]
[Round "9.5"]
[White "Ledger, David J"]
[Black "Arakhamia-Grant, Ketevan"]
[Result "0-1"]
[WhiteElo "2266"]
[BlackElo "2452"]
[PlyCount "74"]
[EventDate "2005.04.30"]
[SourceDate "2004.09.21"]

1. e4 c5 2. Nc3 Nc6 3. g3 g6 4. d3 d6 5. Bg2 Bg7 6. Be3 Nf6 7. h3 O-O 8. Qd2 e5
9. Nge2 Nd4 10. Rb1 Be6 11. f4 Qd7 12. g4 Nxe2 13. Nxe2 exf4 14. Nxf4 Bxa2 15.
Rd1 Be6 16. O-O Rac8 17. d4 Bc4 18. Rfe1 Rfe8 19. dxc5 Nxe4 20. Qb4 Bb5 21. c4
Ba4 22. cxd6 a5 23. Qxa5 Bxd1 24. Rxd1 Rxc4 25. Bf1 Rc6 26. Bb5 Nxd6 27. Qd2
Be5 28. Nd5 Qc8 29. Bxc6 bxc6 30. Rc1 Qb7 31. Nb6 c5 32. Nd5 Ne4 33. Qd3 Bg7
34. b3 Qb8 35. Bf4 Qd8 36. Re1 Bd4+ 37. Kg2 Qxd5 0-1

[Event "4NCL/Div1/BET vs. WGR2"]
[Site "West Bromwich ENG"]
[Date "2005.04.30"]
[Round "9.6"]
[White "Littlewood, Paul E"]
[Black "Eames, Robert G"]
[Result "1/2-1/2"]
[WhiteElo "2365"]
[BlackElo "2321"]
[PlyCount "99"]
[EventDate "2005.04.30"]
[SourceDate "2004.09.21"]

1. e4 c5 2. Nf3 d6 3. c3 Nf6 4. Be2 Nbd7 5. d3 b6 6. Nbd2 Bb7 7. O-O g6 8. Re1
Bg7 9. Bf1 Ne5 10. Nxe5 dxe5 11. Nc4 Qc7 12. f4 exf4 13. e5 Nd5 14. Nd6+ Kf8
15. Nxb7 Qxb7 16. Qf3 Rb8 17. Bxf4 e6 18. Rad1 h6 19. d4 Kg8 20. Bc1 Kh7 21.
Bd3 cxd4 22. cxd4 Rhf8 23. h4 f5 24. exf6 Bxf6 25. Qg4 Qg7 26. Rxe6 Nc7 27. Rc6
Rbd8 28. Qxg6+ Qxg6 29. Rxc7+ Bg7 30. Bxg6+ Kxg6 31. d5 Rf5 32. d6 Be5 33. g4
Rf3 34. h5+ Kf6 35. Rh7 Rg3+ 36. Kf2 Rxg4 37. Kf3 Rg3+ 38. Ke4 Rg4+ 39. Kf3
Rg3+ 40. Kf2 Rh3 41. Rxh6+ Kf5 42. d7 Rh2+ 43. Kg1 Rh3 44. b3 Ke4 45. Rg6 Rxh5
46. Bg5 Rdh8 47. Bh6 Bc7 48. Re1+ Kf5 49. Ree6 Bd8 50. Re8 1/2-1/2

[Event "4NCL/Div1/BET vs. WGR2"]
[Site "West Bromwich ENG"]
[Date "2005.04.30"]
[Round "9.7"]
[White "Naylor, John"]
[Black "Sowray, Peter J"]
[Result "0-1"]
[WhiteElo "2235"]
[BlackElo "2342"]
[PlyCount "82"]
[EventDate "2005.04.30"]
[SourceDate "2004.09.21"]

1. e4 c5 2. Nf3 Nc6 3. Bb5 g6 4. Bxc6 dxc6 5. d3 Bg7 6. h3 e5 7. Nc3 Qe7 8. O-O
Nf6 9. Be3 O-O 10. Qd2 Ne8 11. Nh2 Nc7 12. f4 exf4 13. Bxf4 Ne6 14. Bh6 Bxh6
15. Qxh6 Qg5 16. Qxg5 Nxg5 17. e5 h6 18. h4 Nh7 19. Ne4 b6 20. a3 Bf5 21. Nd6
Be6 22. b4 cxb4 23. axb4 a5 24. bxa5 Rxa5 25. Rxa5 bxa5 26. Ra1 Ra8 27. Nb7 a4
28. Nc5 a3 29. Nxe6 fxe6 30. Nf3 Nf8 31. Kf2 Nd7 32. Ke3 Kf7 33. Kd4 Ra5 34.
Ke4 Ke7 35. Ra2 Nb6 36. Kd4 Nd5 37. Ne1 Kd7 38. Ra1 a2 39. c4 c5+ 40. Ke4 Nb4
41. d4 Ra3 0-1

[Event "4NCL/Div1/BET vs. WGR2"]
[Site "West Bromwich ENG"]
[Date "2005.04.30"]
[Round "9.8"]
[White "Tiller, Bjorn"]
[Black "Lyell, Meri"]
[Result "1/2-1/2"]
[WhiteElo "2382"]
[BlackElo "2001"]
[PlyCount "48"]
[EventDate "2005.04.30"]
[SourceDate "2004.09.21"]

1. e4 d5 2. exd5 Qxd5 3. Nf3 Nf6 4. Be2 Bf5 5. O-O Nc6 6. d4 e6 7. c4 Qd7 8. h3
Be7 9. Nc3 O-O 10. a3 Rad8 11. Be3 Ne4 12. Bd3 Nxc3 13. bxc3 Bxd3 14. Qxd3 Bf6
15. Rab1 Na5 16. Rb5 b6 17. Rh5 g6 18. Bg5 Qe7 19. Bxf6 Qxf6 20. Rb5 c6 21.
Rbb1 c5 22. Rfd1 Rc8 23. Ne5 Rfd8 24. Qe2 Nc6 1/2-1/2

[Event "4NCL/Div1/WES1 vs. BRI1"]
[Site "West Bromwich ENG"]
[Date "2005.04.30"]
[Round "9.1"]
[White "Upton, Ian J"]
[Black "Werle, Jan"]
[Result "0-1"]
[WhiteElo "2242"]
[BlackElo "2457"]
[PlyCount "92"]
[EventDate "2005.04.30"]
[SourceDate "2004.09.21"]

1. d4 Nf6 2. c4 e6 3. Nc3 Bb4 4. e3 O-O 5. Bd3 d5 6. Nf3 c5 7. O-O Nc6 8. a3
Bxc3 9. bxc3 Qc7 10. cxd5 exd5 11. a4 Re8 12. Ba3 c4 13. Bc2 Ne4 14. Bxe4 Rxe4
15. Nd2 Re8 16. e4 Be6 17. e5 Bf5 18. f4 Qd7 19. Rf2 Bd3 20. Nf1 f5 21. exf6
gxf6 22. f5 Kh8 23. Qh5 Nd8 24. Qh4 Qf7 25. Ng3 Rc8 26. Bd6 Rc6 27. Bf4 Qe7 28.
Rf3 Nf7 29. Re3 Qd7 30. Rae1 Rxe3 31. Rxe3 Bxf5 32. Nxf5 Qxf5 33. Re8+ Kg7 34.
Qg3+ Qg6 35. Qe1 Rb6 36. h4 Rb1 37. Bc1 h5 38. Kh2 f5 39. Qe7 Qd6+ 40. Qxd6
Nxd6 41. Bh6+ Kf7 42. Rd8 Ke6 43. Bf8 Ne4 44. Bb4 f4 45. Re8+ Kd7 46. Rf8 Rf1
0-1

[Event "4NCL/Div1/WES1 vs. BRI1"]
[Site "West Bromwich ENG"]
[Date "2005.04.30"]
[Round "9.2"]
[White "Cobb, Charles"]
[Black "Allicock, Rawle A"]
[Result "1-0"]
[WhiteElo "2405"]
[BlackElo "2292"]
[PlyCount "103"]
[EventDate "2005.04.30"]
[SourceDate "2004.09.21"]

1. c4 e5 2. Nc3 Nf6 3. Nf3 Nc6 4. e3 Bb4 5. Qc2 O-O 6. Nd5 Re8 7. Qf5 d6 8.
Nxf6+ Qxf6 9. Qxf6 gxf6 10. a3 Ba5 11. b4 Bb6 12. Bb2 a5 13. b5 Nd8 14. d4 Bg4
15. c5 dxc5 16. dxe5 a4 17. Bc4 Ba5+ 18. Kf1 Be6 19. Rc1 f5 20. Ke2 c6 21. Rhd1
Bxc4+ 22. Rxc4 Ne6 23. bxc6 b5 24. Rc2 Bd8 25. Rd7 Be7 26. Nd2 Kf8 27. f4 Rec8
28. g4 c4 29. gxf5 Nc5 30. f6 Bd8 31. Rd5 Rxc6 32. Bc3 Bb6 33. Bb4 Ke8 34. Nb1
Rd8 35. Rxd8+ Kxd8 36. Nc3 Nd3 37. Nxb5 Kd7 38. Nd6 Nxb4 39. axb4 c3 40. Nb5
Rc4 41. Nxc3 Ke6 42. Kd3 Rxb4 43. Ra2 Rb3 44. Rxa4 Bxe3 45. Kxe3 Rxc3+ 46. Ke4
Rc2 47. f5+ Kd7 48. Ra7+ Ke8 49. e6 fxe6 50. fxe6 Re2+ 51. Kd5 Rd2+ 52. Kc4 1-0

[Event "4NCL/Div1/WES1 vs. BRI1"]
[Site "West Bromwich ENG"]
[Date "2005.04.30"]
[Round "9.3"]
[White "Simons, Martin J"]
[Black "Rudd, Jack"]
[Result "1-0"]
[WhiteElo "2293"]
[BlackElo "2296"]
[PlyCount "87"]
[EventDate "2005.04.30"]
[SourceDate "2004.09.21"]

1. e4 e5 2. Nf3 Nc6 3. Bc4 Nf6 4. d4 exd4 5. e5 d5 6. Bb5 Ne4 7. Nxd4 Bd7 8.
Bxc6 bxc6 9. O-O Be7 10. f3 Nc5 11. f4 f6 12. f5 O-O 13. e6 Be8 14. Qg4 Ne4 15.
Nd2 Bc5 16. c3 Nd6 17. N2f3 Qe7 18. Nh4 Ne4 19. Be3 Bb6 20. Rae1 Rb8 21. Nb3 a5
22. Qd1 Bxe3+ 23. Rxe3 a4 24. Nd2 Qc5 25. Rfe1 Nxd2 26. Qxd2 Qc4 27. e7 Rf7 28.
Nf3 Qxa2 29. R3e2 c5 30. Qc1 Qc4 31. Qe3 Bd7 32. Nd2 Qb5 33. Qf4 Qc6 34. c4 Re8
35. cxd5 Qxd5 36. Nf3 Qd6 37. Qc4 Bxf5 38. Rd2 Qc6 39. Rd8 Bd7 40. Rd1 g6 41.
R1xd7 Kg7 42. Nd4 Qxd7 43. Rxd7 cxd4 44. Rxc7 1-0